00633nam a2200169Ia 450000500170000000800410001702000180005805000220007610000330009824500730013126000280020430000340023250000460026650400540031265000480036665000490041420231102150900.0120626s2008 mx 000 0 spa d a9788425221903 aNA680bM6673 2008 aMontaner, Josep Mariaeautor aSistemas arquitectónicos contemporáneos c/ Josep Maria Montaner aBarcelonab: GGc, 2008 a223 páginasb: ile: planos aEl ej.2 (06 001585) es reimpresión 2009 aIncluye referencias bibliográficas (p. 217-220) aARQUITECTURA MODERNAxSIGLO XXxFILOSOFÍA aARQUITECTURA MODERNAxSIGLO XXIxFILOSOFÍA